| 000 | 00646nam a22002177a 4500 | ||
|---|---|---|---|
| 003 | DO-SdBNP | ||
| 005 | 20171124112054.0 | ||
| 008 | 161031b 1996 xxu 00| 0 spa d | ||
| 020 | _a0590238027 | ||
| 040 |
_aBPMSU _bspa _cBPMSU |
||
| 082 |
_axxxx _bxxxx |
||
| 100 | _aGreenburg, Dan | ||
| 245 | 1 | 4 |
_aThe Zack files : _bthrough the medicine cabinet / _cDan Greenburg ; ilustración Jack E. Davis |
| 260 |
_aNew York : _bScholastic, _c1996. |
||
| 300 |
_a57 p. : _c21 cm. |
||
| 700 | 1 |
_aDavis, Jack E. _eil. |
|
| 910 | _a000144 | ||
| 942 |
_2ddc _cBK |
||
| 945 | _aInventariado extranjero / 2017 YL | ||
| 956 |
_aYLOCKWARD _b10 _c20171124 _d144 |
||
| 999 |
_c13064 _d13064 |
||